|
|
|
|
| LEADER |
00752nam a22002172a 4500 |
| 001 |
001361328 |
| 003 |
CZ BrMZK |
| 005 |
20140207104114.0 |
| 007 |
ta |
| 008 |
140122s1963 gw er|||||||||||ger d |
| 040 |
|
|
|a BOA001
|b cze
|
| 100 |
1 |
|
|a Lang, Werner
|4 dis
|
| 245 |
1 |
0 |
|a Untersuchungen zur Wirkungsweise von grenzflächenaktiven Stoffen auf histologische Beschaffenheit und Funktion verschiedener Organe bei Fischen /
|c Werner Lang
|
| 260 |
|
|
|a Köln :
|b W. Lang,
|c 1963
|
| 300 |
|
|
|a 71 s., příl.
|
| 502 |
|
|
|a Disertace--Universität zu Köln, 1963
|
| 710 |
2 |
|
|a Universität zu Köln
|7 kn20020322445
|
| 910 |
|
|
|a BOA001
|b 2-0541.612
|
| 990 |
|
|
|a BK
|
| 991 |
|
|
|b 201401
|
| 996 |
7 |
|
|b 2619032090
|c 2-0541.612
|l HP2
|r DEN
|n 0
|w 001396232
|u 000010
|a 1
|e BOA001
|j MZK50
|s A
|